000
00210nam a2200085Ia 4500
008
120527s9999 xx 000 0 und d
100
_a
Shaw & Lucas
245
_a
The psychiatric disorder of childhood
942
_c
BK
999
_c
27389
_d
27389